• 首页
  • 本馆介绍
  • 公告通知
  • 最新文献
  • 馆藏检索
  • 电子资源
  • 读者导购
  • 参考咨询
  • 我的图书馆
  • 登录
  • 详细信息显示
  • 放入我的书架
  • 预约/预借图书
  • 作者相关作品
  • 分类相关作品
  • 丛书相关作品
  • 出版社相关作品

书目信息

  • 表格格式
  • 工作单格式
  • 卡片格式
题名:
心理热线
    
 
作者: 石丹林 , 石丹琴 主编
分册:  
出版信息: 北京   同心出版社  1997
页数: 20,741页
开本: 20cm
丛书名:
单 册:
中图分类: B84 , R295.6
科图分类:
主题词: 咨询心理学 , 少数民族--民族医学--中国
电子资源:
ISBN: 7-80593-271-9
000 00652nam0 2200241 450
001 1574219219
005 20150129203728.92
010    @a7-80593-271-9@dCNY36.80
100    @a19980516d1997 em y0chiy0110 ea
101 0  @achi
102    @aCN@b110000
105    @ay z 000yy
200 1  @a心理热线@9xin li re xian@f石丹林,石丹琴主编
210    @a北京@c同心出版社@d1997
215    @a20,741页@d20cm
606 0  @a咨询心理学
606 0  @a少数民族@x民族医学@x中国
690    @aB84@v5
690    @aR295.6@v4
701  0 @a石丹林@9shi dan lin@4主编
701  0 @a石丹琴@9shi dan qin@4主编
801  0 @aCN@bTSSF@c20150129
905    @aZUCC@dR295.6@eJY193
    
    心理热线/石丹林,石丹琴主编.-北京:同心出版社,1997
    20,741页;20cm
    
    
    ISBN 7-80593-271-9:CNY36.80
    
●
相关链接 在E读中查询图书 在五车中查询图书 在当当中查询图书 在豆瓣中查询图书


正题名:心理热线     索取号:R295.6/JY193         预约/预借

序号 登录号 条形码 馆藏地/架位号 状态 备注
1 7863235   278632357   学院路分馆/ [索取号:R295.6/JY193] 在馆    
2 7863236   278632366   学院路分馆/ [索取号:R295.6/JY193] 在馆    
唐山师范学院图书馆 欢迎您!
大连网信软件有限公司© 版权所有